000 00292 a2200121 4500
000 nam a22 7a 4500
005 20260429120054.0
020 _a9780262049405
100 _a Markus Meister
_91235973
245 _aMathematics in Biology
260 _bThe MIT Press
_c2025
942 _cTEXL
999 _c1848633
_d1848633